Častnaja kardiologija. 1. [díl] /

Uložené v:
Podrobná bibliografia
Hlavný autor: Jonáš, Vratislav, 1899-1968 (Author)
Médium: Kniha
Jazyk:Russian
Czech
Vydané: Praga : Gosudarstvennoje izdatel'stvo medicinskoj literatury, 1962.
Vydanie:2. izdanije
ISBN: (viaz.)
Fyzický popis: 1078 s. : 86 s.obr. príl.
Tagy: Pridať tag
Žiadne tagy, Buďte prvý kto otaguje tento záznam!

MARC

LEADER 00000nam a22000001 4500
001 000468614
005 20150508192657.0
008 980708s1962 xr rus d
020 |a (viaz.) 
040 |a SVKKK  |b slo  |c SVKKK  |e AACR2 
041 1 |a rus  |h cze 
044 |a xr  |c CZ 
100 1 |a Jonáš, Vratislav,  |d 1899-1968  |4 aut 
245 1 0 |a Častnaja kardiologija.  |n 1. [díl] /  |c Vratislav Jonáš. 
250 |a 2. izdanije 
260 |a Praga :  |b Gosudarstvennoje izdatel'stvo medicinskoj literatury,  |c 1962. 
300 |a 1078 s. :  |e 86 s.obr. príl. 
910 |a svkkk 
998 |a BK 
090 |g SCKHL  |k Sklad Pribinova 1. posch.  |a IV.19091  |j 296191  |i 468614-10  |s Absenčne 
090 |g SCKHL  |k Sklad Pribinova 1. posch.  |a IV.27492  |j 285358  |i 468614-20  |s Absenčne